Dublin Street

Bibliographic Details
Main Author: Young, Samantha, 1986 (Author)
Other Authors: Klinga, Jozef (Translator)
Format: Book
Language:Slovak
English
PhysicalDescription:335 s. 24 cm
Published: Bratislava Ikar 2013
ISBN:9788055136660
Edition:[1. vyd.]
Series:Svetový bestseller
Subjects:

MARC

LEADER 00000cam a2200000 a 4500
001 vtls010566575
003 SK-MaSNL
005 20260301090325.0
008 240315s2013 xo g 000 f slo
015 |a SNBA2014/01 
020 |a 9788055136660  |q (viz.) 
035 |a 4515077F-CD93-4098-BA6A-4785DF451C81 
035 |a urn:nbn:sk:snk-amjo8t 
035 |a urn:nbn:sk:snk-am000xbl 
040 |a SNK  |b slo  |c SNK  |e AACR2 
041 1 |a slo  |h eng 
044 |a xo  |c SK 
072 7 |a 821.111  |x Anglická literatúra, anglicky písaná  |2 konspekt 
080 |a 821.111(410.5)-31  |2 2001 
080 |a (0:82-312.5)  |2 2001 
100 1 |a Young, Samantha,  |d 1986  |4 aut  |9 178365 
240 1 3 |a On Dublin Street  |l Slovensky 
245 1 0 |a Dublin Street  |c Samantha Youngová ; [z anglického originálu] preložil Jozef Klinga 
250 |a [1. vyd.] 
260 |a Bratislava  |b Ikar  |c 2013 
300 |a 335 s.  |c 24 cm 
490 1 |a Svetový bestseller 
500 |a Na obálke: Žije pre prítomnosť. Ale zajtrajšok už čaká... 
655 7 |a škótske romány (anglicky)  |2 SNKPH  |9 70802 
655 7 |a ľúbostné romány  |2 SNKPH  |9 70497 
655 7 |a Scottish fiction (English)  |2 SNKPHeng  |9 327406 
655 7 |a Love novels  |2 SNKPHeng  |9 277756 
700 1 |a Klinga, Jozef  |4 trl  |9 257502 
830 0 |a Svetový bestseller  |9 337615 
919 |a 978-80-551-3666-0 
958 |a UP 
958 |a LX 
968 |b ENG 
999 |c 667913  |d 669843 
952 |a SNK  |b SNK  |y PREZ  |7 0  |p 17A1101578  |o snkSC 157535  |i snk2014/285  |8 0  |0 0  |1 0  |4 0  |d 2014-01-07  |l 0  |r 2025-08-19 00:00:00  |w 2026-02-23 
952 |a SNK  |b SNK  |y PREZ  |7 0  |p 17A1102624  |o snkSC 157535 D1  |i snk2014/1682  |8 0  |0 0  |1 0  |4 0  |d 2014-01-20  |f 1  |l 0  |r 2026-02-23 19:16:16  |w 2026-02-23